| 000 | 00492cam3a220018100 4500 | ||
|---|---|---|---|
| 001 | tmp15935330 | ||
| 003 | UPRA | ||
| 005 | 20190821135912.0 | ||
| 008 | 951114s1976 xx eng u | ||
| 035 | _a(Sirsi) r49050 | ||
| 035 | _a(UPRA)tmp15935330 | ||
| 040 | _cUPRA | ||
| 100 | 1 |
_aLindert, Peter H. _6A7086.1 |
|
| 245 | 1 | 0 |
_aPrices, jobs and growth : _ban introduction to macroeconomics. |
| 260 | _c1976. | ||
| 949 |
_aHB171.5 _wlcc _i-60996 _mMAIN _p2500 _tBOOK _lON-SHELF |
||
| 004 | 49050 | ||
| 999 |
_c116825 _d116825 |
||